[Event "Gelsenkirchen Koenigsspringer op"]
[Site "Gelsenkirchen"]
[Date "2019.12.28"]
[Round "3"]
[White "Althoff, Ralph"]
[Black "Kind, Bertram"]
[Result "1-0"]
[WhiteElo "2005"]
[BlackElo "2181"]
[PlyCount "105"]
[EventDate "2019.12.27"]
[EventType "swiss"]
[EventRounds "7"]
[EventCountry "GER"]
[SourceTitle "CBM 194 Extra"]
[Source "ChessBase"]
[SourceDate "2020.03.31"]
[SourceVersion "1"]
[SourceVersionDate "2020.03.31"]
[SourceQuality "1"]

1. d4 Nf6 2. Nf3 e6 3. Bf4 Be7 4. h3 c5 5. e3 d5 6. Nbd2 Nc6 7. c3 Bd7 8. Bd3 Qb6 9. Rb1 Rc8 10. 0-0 c4 11. Bc2 Qa5 12. Ra1 Nh5 13. Bh2 f5 14. Ne5 Nxe5 15. dxe5 g6 16. Nf3 Ng7 17. Nd4 0-0 18. Qe2 b5 19. a3 Qc7 20. Rfd1 a5 21. f3 Qb6 22. Kh1 Bc6 23. e4 Bb7 24. Bg1 Qa6 25. Rd2 Rfd8 26. Rad1 Ba8 27. Be3 Nh5 28. Bf2 f4 29. exd5 Bxd5 30. Be4 Kf7 31. Bxd5 Rxd5 32. Qe4 Rcd8 33. Kh2 Qa8 34. Be1 Qb8 35. Nc6 Rxd2 36. Bxd2 Qb6 37. Nxd8+ Qxd8 38. Qd4 Qxd4 39. cxd4 Bd8 40. Be1 Bc7 41. Bc3 Ng3 42. d5 exd5 43. Rxd5 Ke6 44. Rc5 Bb8 45. Rxb5 Ba7 46. Be1 Nf1+ 47. Kh1 Ne3 48. Rxa5 Bb8 49. Bc3 Nd5 50. Kg1 Bxe5 51. Bxe5 Kxe5 52. Kf2 Kd4 53. Rxd5+ 1-0

[Event "NRW Class2 1819"]
[Site "Germany"]
[Date "2019.03.17"]
[Round "7.6"]
[White "Heldt, Maximilian"]
[Black "Kind, Bertram"]
[Result "1/2-1/2"]
[WhiteElo "2081"]
[BlackElo "2109"]
[PlyCount "156"]
[EventDate "2018.09.16"]
[EventType "team-tourn"]
[EventRounds "9"]
[EventCountry "GER"]
[SourceTitle "EXT 2022"]
[Source "ChessBase"]
[SourceDate "2021.10.06"]
[SourceVersion "1"]
[SourceVersionDate "2021.10.06"]
[SourceQuality "1"]
[WhiteTeam "Essen Katernberg"]
[BlackTeam "Iserlohn Koenigsspringer"]
[WhiteTeamCountry "GER"]
[BlackTeamCountry "GER"]

1. c4 e5 2. g3 Nc6 3. Bg2 f5 4. e3 Nf6 5. Nc3 Be7 6. d3 0-0 7. Nge2 d6 8. 0-0 Qe8 9. Nd5 Bd8 10. Nec3 Ne7 11. b4 c6 12. Nxf6+ Rxf6 13. d4 e4 14. d5 Ng6 15. Qe2 Ne5 16. Bb2 Bd7 17. Rfd1 Rc8 18. Rac1 c5 19. b5 Rf8 20. Rf1 Bf6 21. Ba1 Qe7 22. Nd1 Rce8 23. a4 Nd3 24. Rb1 Bxa1 25. Rxa1 Qf6 26. Rb1 Re7 27. f3 exf3 28. Qxd3 fxg2 29. Kxg2 Qh6 30. h4 Rfe8 31. Rb2 Re4 32. Rf4 Qf6 33. Re2 Qe7 34. Kf2 h6 35. Nc3 Re5 36. h5 Qg5 37. Rh4 R8e7 38. e4 Be8 39. exf5 Rxf5+ 40. Kg2 Rxe2+ 41. Nxe2 Bxh5 42. Nf4 Bf7 43. Nh3 Qf6 44. Re4 Re5 45. Rf4 Qe7 46. Nf2 Bh5 47. Re4 Qg5 48. a5 Qf6 49. Ng4 Bxg4 50. Rxg4 g5 51. Re4 Qf5 52. Re3 Qxd3 53. Rxd3 Re4 54. Kf3 Re5 55. Kg4 Kg7 56. Kh5 Re1 57. Ra3 Re4 58. a6 b6 59. Rc3 g4 60. Rc2 Kf6 61. Rf2+ Ke5 62. Rf7 Rxc4 63. Rxa7 Rb4 64. Ra8 Kxd5 65. Rb8 Rxb5 66. a7 Ra5 67. a8Q+ Rxa8 68. Rxa8 c4 69. Kxg4 Kd4 70. Kf3 b5 71. Ke2 d5 72. Kd2 b4 73. Rb8 b3 74. Rb4 Kc5 75. Rb8 d4 76. Kc1 Kd5 77. Rb4 Kc5 78. Rb8 Kd5 1/2-1/2

[Event "NRW Class2 1819"]
[Site "Germany"]
[Date "2019.01.13"]
[Round "5.6"]
[White "Berndt, Axel"]
[Black "Kind, Bertram"]
[Result "1/2-1/2"]
[WhiteElo "2125"]
[BlackElo "2109"]
[PlyCount "69"]
[EventDate "2018.09.16"]
[EventType "team-tourn"]
[EventRounds "9"]
[EventCountry "GER"]
[SourceTitle "EXT 2022"]
[Source "ChessBase"]
[SourceDate "2021.10.06"]
[SourceVersion "1"]
[SourceVersionDate "2021.10.06"]
[SourceQuality "1"]
[WhiteTeam "Duesseldorf II"]
[BlackTeam "Iserlohn Koenigsspringer"]
[WhiteTeamCountry "GER"]
[BlackTeamCountry "GER"]

1. e4 c5 2. c3 d6 3. d4 Nf6 4. Bd3 Nc6 5. Nf3 Bg4 6. d5 Nb8 7. h3 Bd7 8. 0-0 g6 9. Re1 Bg7 10. a4 0-0 11. Nbd2 Na6 12. Nc4 Nc7 13. Bg5 b6 14. Qd2 Rb8 15. Bh6 a6 16. Qg5 Nfe8 17. Bxg7 Kxg7 18. Nh4 b5 19. axb5 axb5 20. Ne3 e5 21. Qg3 Kh8 22. Nf3 Ng7 23. Ra7 Nh5 24. Qh2 Nf4 25. Bf1 Ra8 26. Rea1 Qe7 27. g3 Nh5 28. h4 Rfc8 29. Bh3 Nf6 30. Ng5 Rxa7 31. Rxa7 h6 32. Nf3 Nxe4 33. Bxd7 Qxd7 34. g4 Qe7 35. g5 1/2-1/2

[Event "NRW Class1 1718"]
[Site "Germany"]
[Date "2018.04.29"]
[Round "9.6"]
[White "Kind, Bertram"]
[Black "Haskelman, Evgen"]
[Result "1-0"]
[WhiteElo "2131"]
[BlackElo "2107"]
[PlyCount "161"]
[EventDate "2017.09.17"]
[EventType "team-tourn"]
[EventRounds "9"]
[EventCountry "GER"]
[SourceTitle "EXT 2019"]
[Source "ChessBase"]
[SourceDate "2018.10.10"]
[SourceVersion "1"]
[SourceVersionDate "2018.10.10"]
[SourceQuality "1"]
[WhiteTeam "Iserlohn Koenigsspringer"]
[BlackTeam "Bruehl"]
[WhiteTeamCountry "GER"]
[BlackTeamCountry "GER"]

1. e4 d5 2. e5 c5 3. f4 Nc6 4. Nf3 Bg4 5. Be2 e6 6. d3 Nge7 7. c3 Nf5 8. Ng5 Bxe2 9. Qxe2 h5 10. Na3 Be7 11. Nf3 Rb8 12. Nc2 b5 13. Ne3 Nxe3 14. Qxe3 g6 15. 0-0 b4 16. Bd2 bxc3 17. bxc3 Rb2 18. Bc1 Rb7 19. h3 Qa5 20. c4 Nd4 21. Bd2 Nxf3+ 22. Rxf3 Qd8 23. cxd5 Qxd5 24. Bc3 c4 25. dxc4 Qxc4 26. Qd3 Qxd3 27. Rxd3 0-0 28. Rad1 Rc8 29. Kh2 Rc4 30. Bd4 Ra4 31. R1d2 Rd7 32. Be3 Rxd3 33. Rxd3 a6 34. Rd2 Kf8 35. Rc2 Ke8 36. Kg3 Kd7 37. Kf3 Ra3 38. Ke4 Bb4 39. Bb6 Bc3 40. Bc5 Ra4+ 41. Kf3 Ba5 42. Be3 Ra3 43. Ke4 Rc3 44. Rb2 Kc6 45. Rb8 Rc4+ 46. Kf3 Ra4 47. Rf8 Rxa2 48. Rxf7 Bb4 49. Rg7 a5 50. Rxg6 Kd5 51. Rg8 a4 52. Rd8+ Kc4 53. g4 h4 54. f5 Rh2 55. f6 Rxh3+ 56. Ke4 Ba3 57. Rc8+ Kb3 58. f7 Rh1 59. g5 h3 60. g6 h2 61. f8Q Bxf8 62. Rxf8 Rg1 63. Rh8 Rxg6 64. Rxh2 a3 65. Rh8 a2 66. Rb8+ Kc2 67. Ra8 Kb1 68. Bd4 Rg3 69. Ra6 Rh3 70. Rb6+ Kc1 71. Ba1 Rh2 72. Kd4 Rh4+ 73. Kc5 Ra4 74. Kd6 Kc2 75. Kxe6 Kd3 76. Kd6 Re4 77. Ra6 Re2 78. e6 Kc4 79. Kd7 Kb5 80. Rd6 Re1 81. e7 1-0

[Event "NRW Class1 1718"]
[Site "Germany"]
[Date "2018.04.08"]
[Round "8.6"]
[White "Sommer, Uwe"]
[Black "Kind, Bertram"]
[Result "0-1"]
[WhiteElo "2056"]
[BlackElo "2131"]
[PlyCount "70"]
[EventDate "2017.09.17"]
[EventType "team-tourn"]
[EventRounds "9"]
[EventCountry "GER"]
[SourceTitle "EXT 2019"]
[Source "ChessBase"]
[SourceDate "2018.10.10"]
[SourceVersion "1"]
[SourceVersionDate "2018.10.10"]
[SourceQuality "1"]
[WhiteTeam "Emsdetten Rochade"]
[BlackTeam "Iserlohn Koenigsspringer"]
[WhiteTeamCountry "GER"]
[BlackTeamCountry "GER"]

1. e4 c5 2. Nf3 Nc6 3. g3 e6 4. Bg2 Nf6 5. d3 d5 6. exd5 Nxd5 7. 0-0 Be7 8. Re1 0-0 9. Nbd2 b6 10. Nc4 Bb7 11. h4 Qc7 12. Bd2 Bf6 13. Qc1 b5 14. Ne3 Nxe3 15. Bxe3 Nd4 16. Bxd4 cxd4 17. Qd2 Rac8 18. Re2 Rfd8 19. Ne1 Bxg2 20. Nxg2 Rd5 21. Rae1 Rc5 22. Rc1 a5 23. a3 g6 24. Ne1 Bg7 25. Re4 h5 26. Rb1 Rf5 27. Kg2 Kh7 28. Qe2 Qc6 29. Kg1 Qd5 30. Qd2 a4 31. Ra1 Bh6 32. Qe2 Qd6 33. Kg2 Rfc5 34. Kg1 R8c6 35. Rd1 f5 0-1

[Event "NRW Class1 1718"]
[Site "Germany"]
[Date "2017.12.17"]
[Round "4.4"]
[White "Kind, Bertram"]
[Black "Van Beek, Alexander"]
[Result "0-1"]
[WhiteElo "2131"]
[BlackElo "2229"]
[PlyCount "74"]
[EventDate "2017.09.17"]
[EventType "team-tourn"]
[EventRounds "9"]
[EventCountry "GER"]
[SourceTitle "EXT 2019"]
[Source "ChessBase"]
[SourceDate "2018.10.10"]
[SourceVersion "1"]
[SourceVersionDate "2018.10.10"]
[SourceQuality "1"]
[WhiteTeam "Iserlohn Koenigsspringer"]
[BlackTeam "Erkenschwick"]
[WhiteTeamCountry "GER"]
[BlackTeamCountry "GER"]

1. e4 d6 2. d4 Nf6 3. Nc3 g6 4. g3 Bg7 5. Bg2 0-0 6. Nge2 c6 7. 0-0 e5 8. h3 Qc7 9. a4 a5 10. Be3 Na6 11. Qd2 Nb4 12. f4 Be6 13. Rf2 Rad8 14. f5 Bc4 15. b3 Bxe2 16. Nxe2 d5 17. c3 c5 18. Bg5 exd4 19. cxb4 dxe4 20. Rff1 d3 21. Nc3 cxb4 22. Nxe4 Nxe4 23. Bxe4 Bxa1 24. Rxa1 Qxg3+ 25. Qg2 Qe5 26. Rd1 Qd4+ 27. Kh1 Rde8 28. Bxd3 Qc3 29. Be4 Rxe4 30. Qxe4 Qxh3+ 31. Kg1 Qh5 32. Rd5 Qxg5+ 33. Kf2 Rd8 34. Rxa5 Qd2+ 35. Kf1 Qc1+ 36. Ke2 Rd2+ 37. Ke3 Qc3+ 0-1

[Event "NRW Class1 1718"]
[Site "Germany"]
[Date "2017.09.17"]
[Round "1.6"]
[White "Plass, Heinz"]
[Black "Kind, Bertram"]
[Result "1/2-1/2"]
[WhiteElo "2026"]
[BlackElo "2131"]
[PlyCount "55"]
[EventDate "2017.09.17"]
[EventType "team-tourn"]
[EventRounds "9"]
[EventCountry "GER"]
[SourceTitle "EXT 2019"]
[Source "ChessBase"]
[SourceDate "2018.10.10"]
[SourceVersion "1"]
[SourceVersionDate "2018.10.10"]
[SourceQuality "1"]
[WhiteTeam "Sundern"]
[BlackTeam "Iserlohn Koenigsspringer"]
[WhiteTeamCountry "GER"]
[BlackTeamCountry "GER"]

1. d4 Nf6 2. c4 e6 3. g3 c5 4. d5 exd5 5. cxd5 d6 6. Nc3 g6 7. Bg2 Bg7 8. Nf3 0-0 9. 0-0 Na6 10. h3 Re8 11. Nd2 Nc7 12. a4 b6 13. Nc4 Ba6 14. Na3 Qd7 15. Re1 b5 16. axb5 Nxb5 17. Naxb5 Bxb5 18. Nxb5 Qxb5 19. Qa4 Qxa4 20. Rxa4 Nd7 21. Ra6 Nb6 22. Kf1 Re7 23. Bf4 Rd7 24. b3 Re8 25. e4 Ree7 26. Bf3 h6 27. Bg4 Rd8 28. h4 1/2-1/2

[Event "Oberliga NRW 1617"]
[Site "Germany"]
[Date "2017.03.26"]
[Round "8.5"]
[White "Stenzel, Thomas"]
[Black "Kind, Bertram"]
[Result "1-0"]
[WhiteElo "2189"]
[BlackElo "2213"]
[PlyCount "37"]
[EventDate "2016.09.25"]
[EventType "team-tourn"]
[EventRounds "9"]
[EventCountry "GER"]
[SourceTitle "EXT 2020"]
[Source "ChessBase"]
[SourceDate "2019.10.17"]
[SourceVersion "1"]
[SourceVersionDate "2019.10.17"]
[SourceQuality "1"]
[WhiteTeam "Godesberg"]
[BlackTeam "Iserlohn Koenigsspringer"]
[WhiteTeamCountry "GER"]
[BlackTeamCountry "GER"]

1. e4 c5 2. Nf3 Nc6 3. Bb5 d6 4. d4 cxd4 5. Qxd4 Bd7 6. Bxc6 bxc6 7. 0-0 e5 8. Qd3 Nf6 9. c4 Qc7 10. Nc3 Rd8 11. Bg5 Be7 12. Rfd1 Be6 13. Rac1 0-0 14. Bxf6 Bxf6 15. Nd5 cxd5 16. cxd5 Qa5 17. dxe6 fxe6 18. Rc6 Qxa2 19. Ra6 1-0

[Event "Oberliga NRW 1617"]
[Site "Germany"]
[Date "2017.03.05"]
[Round "7.4"]
[White "Gulbas, Cemil"]
[Black "Kind, Bertram"]
[Result "1-0"]
[WhiteElo "2360"]
[BlackElo "2213"]
[PlyCount "113"]
[EventDate "2016.09.25"]
[EventType "team-tourn"]
[EventRounds "9"]
[EventCountry "GER"]
[SourceTitle "EXT 2020"]
[Source "ChessBase"]
[SourceDate "2019.10.17"]
[SourceVersion "1"]
[SourceVersionDate "2019.10.17"]
[SourceQuality "1"]
[WhiteTeam "Aachen Aufwaerts II"]
[BlackTeam "Iserlohn Koenigsspringer"]
[WhiteTeamCountry "GER"]
[BlackTeamCountry "GER"]

1. e4 c5 2. Nf3 Nc6 3. d4 cxd4 4. Nxd4 Nf6 5. Nc3 e6 6. Ndb5 Bb4 7. a3 Bxc3+ 8. Nxc3 d5 9. exd5 exd5 10. Bd3 0-0 11. 0-0 d4 12. Ne2 Bg4 13. f3 Bh5 14. Nf4 Re8 15. Nxh5 Nxh5 16. f4 Nf6 17. Qf3 Qd5 18. Qxd5 Nxd5 19. Bd2 Re7 20. Rfe1 Rae8 21. Rxe7 Rxe7 22. Kf2 g6 23. Re1 Rxe1 24. Kxe1 Kg7 25. Be4 Nc7 26. Ke2 Ne6 27. b4 f5 28. Bd5 Kf6 29. Kd3 Ncd8 30. g3 Ke7 31. Bc1 Kd6 32. Bh1 b5 33. Bb2 Nc6 34. Bxc6 Kxc6 35. Bxd4 a6 36. c4 Kd6 37. Kc3 Kc6 38. a4 bxa4 39. Bf6 Nc7 40. Kb2 a5 41. b5+ Kc5 42. Kc3 Ne6 43. Be7+ Kb6 44. h3 Kc7 45. Ba3 Kb6 46. Bc1 Kc7 47. Be3 Ng7 48. Kb2 Nh5 49. Ka3 Nxg3 50. Kxa4 Nf1 51. Bc1 Ng3 52. Kxa5 Ne2 53. Bb2 g5 54. Be5+ Kb7 55. c5 gxf4 56. c6+ Kc8 57. b6 1-0

[Event "Oberliga NRW 1617"]
[Site "Germany"]
[Date "2017.01.22"]
[Round "5.6"]
[White "Fieberg, Samuel"]
[Black "Kind, Bertram"]
[Result "1-0"]
[WhiteElo "2177"]
[BlackElo "2213"]
[PlyCount "77"]
[EventDate "2016.09.25"]
[EventType "team-tourn"]
[EventRounds "9"]
[EventCountry "GER"]
[SourceTitle "EXT 2020"]
[Source "ChessBase"]
[SourceDate "2019.10.17"]
[SourceVersion "1"]
[SourceVersionDate "2019.10.17"]
[SourceQuality "1"]
[WhiteTeam "Koeln Porz II"]
[BlackTeam "Iserlohn Koenigsspringer"]
[WhiteTeamCountry "GER"]
[BlackTeamCountry "GER"]

1. e4 c5 2. Nf3 Nc6 3. d4 cxd4 4. Nxd4 Nf6 5. Nc3 e6 6. Ndb5 Bb4 7. a3 Bxc3+ 8. Nxc3 d5 9. exd5 exd5 10. Bd3 0-0 11. 0-0 d4 12. Ne2 Bg4 13. Re1 Re8 14. Bg5 Qd6 15. Qd2 Bxe2 16. Bf4 Qd7 17. Bxe2 Ne4 18. Qd3 Qf5 19. g3 Qf6 20. Bf3 Nc5 21. Qb5 g5 22. Qxc5 gxf4 23. gxf4 Kh8 24. Bxc6 bxc6 25. Rxe8+ Rxe8 26. Rd1 Rg8+ 27. Kf1 Qh4 28. Qxd4+ f6 29. Rd3 h6 30. h3 c5 31. Qxc5 Qxf4 32. Qe3 Qh4 33. b3 Qh5 34. Qf4 Rf8 35. h4 Rf7 36. Rd8+ Kh7 37. Qe4+ f5 38. Qe8 Kg6 39. Rd7 1-0

[Event "NRW Class1 1516"]
[Site "Germany"]
[Date "2016.02.14"]
[Round "6.4"]
[White "Kind, Bertram"]
[Black "Heisel, Guido"]
[Result "0-1"]
[WhiteElo "2170"]
[BlackElo "2051"]
[PlyCount "86"]
[EventDate "2015.09.27"]
[EventType "team-tourn"]
[EventRounds "9"]
[EventCountry "GER"]
[SourceTitle "EXT 2017"]
[Source "ChessBase"]
[SourceDate "2016.10.25"]
[SourceVersion "1"]
[SourceVersionDate "2016.10.25"]
[SourceQuality "1"]
[WhiteTeam "Iserlohn Koenigsspringer"]
[BlackTeam "Duisburg"]
[WhiteTeamCountry "GER"]
[BlackTeamCountry "GER"]

1. e4 d5 2. exd5 Nf6 3. d4 Bg4 4. Nf3 Qxd5 5. Be2 e6 6. Nc3 Qf5 7. h3 Bxf3 8. Bxf3 Nc6 9. Bxc6+ bxc6 10. g4 Qa5 11. Qf3 Qa6 12. Bf4 Rb8 13. Rb1 Bb4 14. a3 Bxc3+ 15. Qxc3 Nd5 16. Qf3 0-0 17. Bd2 Qc4 18. Qd3 Qxd3 19. cxd3 Rb6 20. Ke2 Rfb8 21. b4 a5 22. Rhc1 axb4 23. axb4 Kf8 24. Rc4 Ke8 25. f4 Kd7 26. f5 Re8 27. Kf2 Ra6 28. Rb2 Ra3 29. f6 gxf6 30. Rbc2 Rxd3 31. Ke2 Rxh3 32. Rxc6 Rg8 33. g5 fxg5 34. R6c5 g4 35. Kf1 g3 36. Bc1 Rh2 37. Kg1 Rxc2 38. Rxc2 Rg4 39. Kg2 h5 40. Kf3 f5 41. Kg2 h4 42. b5 Rxd4 43. Bg5 Rg4 0-1

[Event "NRW Class1 1516"]
[Site "Germany"]
[Date "2015.09.27"]
[Round "1.4"]
[White "Mueller, Achim1"]
[Black "Kind, Bertram"]
[Result "1/2-1/2"]
[WhiteElo "2077"]
[BlackElo "2170"]
[PlyCount "128"]
[EventDate "2015.09.27"]
[EventType "team-tourn"]
[EventRounds "9"]
[EventCountry "GER"]
[SourceTitle "EXT 2017"]
[Source "ChessBase"]
[SourceDate "2016.10.25"]
[SourceVersion "1"]
[SourceVersionDate "2016.10.25"]
[SourceQuality "1"]
[WhiteTeam "Emsdetten Rochade"]
[BlackTeam "Iserlohn Koenigsspringer"]
[WhiteTeamCountry "GER"]
[BlackTeamCountry "GER"]

1. e4 c5 2. Nf3 Nc6 3. d4 cxd4 4. Nxd4 Nf6 5. Nc3 e6 6. Ndb5 Bb4 7. a3 Bxc3+ 8. Nxc3 d5 9. exd5 exd5 10. Bd3 0-0 11. 0-0 d4 12. Ne2 Bg4 13. Bg5 Re8 14. Re1 Qd6 15. Qd2 Bxe2 16. Bxe2 Ne4 17. Bf4 Qf6 18. Qc1 h6 19. f3 Nd6 20. Bxd6 Qxd6 21. Bd3 Re5 22. Rxe5 Qxe5 23. Qe1 Re8 24. Qxe5 Rxe5 25. Rd1 Re8 26. f4 Rd8 27. Kf2 Kf8 28. Re1 g6 29. g4 Ne7 30. Kf3 Nd5 31. Re4 Nf6 32. Re5 b6 33. g5 hxg5 34. fxg5 Nd5 35. Re4 Nc7 36. Rh4 Rd5 37. Rh8+ Ke7 38. h4 Re5 39. Rh7 Ke6 40. Bxg6 Re3+ 41. Kf2 fxg6 42. Rxc7 Rh3 43. Rxa7 Rxh4 44. Rb7 Rh2+ 45. Kf3 Rxc2 46. Rxb6+ Kd5 47. b3 Rc3+ 48. Kf4 Re3 49. Rb8 Re4+ 50. Kf3 Re3+ 51. Kf2 Rc3 52. a4 Ke4 53. a5 Rc2+ 54. Ke1 Ra2 55. b4 Kd3 56. Rb6 Kc3 57. Rxg6 d3 58. Rd6 Rg2 59. a6 Rxg5 60. a7 Rg1+ 61. Kf2 Ra1 62. Rd7 Kxb4 63. Ke3 Kb5 64. Kxd3 Kb6 1/2-1/2

[Event "Lippe Cup A 9th"]
[Site "Lieme"]
[Date "2012.10.14"]
[Round "4"]
[White "Kind, Bertram"]
[Black "Scheck, Kyrill"]
[Result "1/2-1/2"]
[WhiteElo "2219"]
[BlackElo "2061"]
[PlyCount "136"]
[EventDate "2012.10.12"]
[EventType "swiss"]
[EventRounds "5"]
[EventCountry "GER"]
[SourceTitle "EXT 2014"]
[Source "ChessBase"]
[SourceDate "2013.11.20"]
[SourceVersion "1"]
[SourceVersionDate "2013.11.20"]
[SourceQuality "1"]

1. e4 c6 2. d4 d5 3. exd5 cxd5 4. Bd3 Nc6 5. c3 Nf6 6. Bf4 Bg4 7. Qb3 Qd7 8. Nd2 e6 9. Ngf3 Bxf3 10. Nxf3 Bd6 11. Bxd6 Qxd6 12. Qxb7 Rb8 13. Qa6 0-0 14. Bb5 Rb6 15. Qa4 Ne7 16. 0-0 Qb8 17. Bd3 Rxb2 18. Rab1 Rb6 19. Rxb6 axb6 20. Rb1 Qc7 21. Qb4 Rb8 22. Ne5 Nc6 23. Nxc6 Qxc6 24. a4 Rc8 25. Rb3 g6 26. f3 Kg7 27. Ba6 Rc7 28. Qxb6 Qxa4 29. Bf1 Rc6 30. Qb5 Qa8 31. g3 Qc8 32. Qa5 Qc7 33. Qxc7 Rxc7 34. Kf2 Ne8 35. Ke3 Kf6 36. Kd2 Nd6 37. Bd3 Ra7 38. Rb2 Ra1 39. Ke3 h5 40. h4 Rg1 41. Kf2 Rd1 42. Ke3 Ra1 43. Rb6 Ke7 44. Rb2 Re1+ 45. Kf2 Rd1 46. Ke3 Kf6 47. Rb6 Nc4+ 48. Bxc4 dxc4 49. Rc6 Rd3+ 50. Ke4 Rxc3 51. d5 Rc1 52. d6 c3 53. Kd3 e5 54. Rc7 Rd1+ 55. Ke3 Rxd6 56. Rxc3 Ra6 57. Rb3 Kf5 58. Rc3 Ra4 59. Rb3 f6 60. Rc3 g5 61. hxg5 fxg5 62. Rc8 Ra3+ 63. Kf2 Ra2+ 64. Ke3 Ra3+ 65. Kf2 Ra7 66. Rh8 Kg6 67. Rg8+ Kf6 68. Rh8 Kg6 1/2-1/2

[Event "Lippe Cup A 9th"]
[Site "Lieme"]
[Date "2012.10.13"]
[Round "3"]
[White "Epishin, Vladimir"]
[Black "Kind, Bertram"]
[Result "1-0"]
[WhiteElo "2574"]
[BlackElo "2219"]
[PlyCount "91"]
[EventDate "2012.10.12"]
[EventType "swiss"]
[EventRounds "5"]
[EventCountry "GER"]
[SourceTitle "EXT 2014"]
[Source "ChessBase"]
[SourceDate "2013.11.20"]
[SourceVersion "1"]
[SourceVersionDate "2013.11.20"]
[SourceQuality "1"]

1. d4 Nf6 2. Nf3 e6 3. c4 c5 4. Nc3 cxd4 5. Nxd4 Nc6 6. a3 d5 7. cxd5 Nxd5 8. Nxc6 bxc6 9. Bd2 Be7 10. Qc2 0-0 11. e3 e5 12. Bd3 h6 13. 0-0 Be6 14. Rfd1 Qb6 15. Na4 Qb7 16. b4 Rfd8 17. Rab1 Rac8 18. Be1 Bg4 19. Rd2 Bd6 20. h3 Be6 21. Nc5 Bxc5 22. Qxc5 Qe7 23. Qxe7 Nxe7 24. Rc1 Rb8 25. f3 Kf8 26. e4 Rd6 27. Bf1 Rbd8 28. Rxd6 Rxd6 29. b5 Bd7 30. Bb4 Rg6 31. Rc5 cxb5 32. Rc7 Ke8 33. Bxe7 Kxe7 34. Bxb5 Rd6 35. Rxa7 Ke6 36. Bxd7+ Rxd7 37. Rxd7 Kxd7 38. Kf2 Kc6 39. Ke3 Kb5 40. f4 exf4+ 41. Kxf4 Ka4 42. e5 Kxa3 43. e6 fxe6 44. Ke5 Kb4 45. Kxe6 Kc4 46. Kf7 1-0

[Event "Lippe Cup-A 07th"]
[Site "Lieme"]
[Date "2010.10.17"]
[Round "5"]
[White "Kind, Bertram"]
[Black "Simon, Hans Christian"]
[Result "1/2-1/2"]
[WhiteElo "2217"]
[BlackElo "2205"]
[PlyCount "32"]
[EventDate "2010.10.15"]
[EventType "swiss"]
[EventRounds "5"]
[EventCountry "GER"]
[SourceTitle "CBM 138 Extra"]
[Source "ChessBase"]
[SourceDate "2010.10.29"]
[SourceVersion "1"]
[SourceVersionDate "2010.10.29"]
[SourceQuality "1"]

1. e4 e5 2. Nf3 Nf6 3. Nxe5 d6 4. Nf3 Nxe4 5. d4 d5 6. Bd3 Nc6 7. 0-0 Be7 8. c4 Nb4 9. cxd5 Nxd3 10. Qxd3 Qxd5 11. Nc3 Nxc3 12. bxc3 0-0 13. Bf4 Bf5 14. Qe3 Bd6 15. Bxd6 cxd6 16. Rfe1 Rac8 1/2-1/2

[Event "NRW Class2 0910"]
[Site "Germany"]
[Date "2010.03.21"]
[Round "8.3"]
[White "Hubert, Ralf"]
[Black "Kind, Bertram"]
[Result "1/2-1/2"]
[WhiteElo "2289"]
[BlackElo "2213"]
[PlyCount "99"]
[EventDate "2009.09.20"]
[EventType "team-tourn"]
[EventRounds "9"]
[EventCountry "GER"]
[SourceTitle "EXT 2011"]
[Source "ChessBase"]
[SourceDate "2010.11.26"]
[SourceVersion "1"]
[SourceVersionDate "2010.11.26"]
[SourceQuality "1"]
[WhiteTeam "Solingen SG III"]
[BlackTeam "Hagen"]
[WhiteTeamCountry "GER"]
[BlackTeamCountry "GER"]

1. d4 Nf6 2. c4 e6 3. Nc3 Bb4 4. a3 Bxc3+ 5. bxc3 0-0 6. f3 Ne8 7. e4 b6 8. Nh3 Ba6 9. Bd3 Nc6 10. Qa4 Na5 11. e5 h6 12. Bb1 f5 13. exf6 Nxf6 14. Qc2 Qe8 15. Bf4 d6 16. 0-0 Bxc4 17. Re1 Qf7 18. Bg3 Rfe8 19. Nf4 g5 20. Nd3 Re7 21. Nb2 Bd5 22. c4 Bb7 23. Ba2 Rd8 24. Rad1 Nh5 25. Re3 Nxg3 26. hxg3 Rf8 27. Nd3 Qf5 28. Qe2 Rfe8 29. Nf2 Kg7 30. Bb1 Qf7 31. Qc2 Rh8 32. Rde1 Bc8 33. c5 bxc5 34. dxc5 Nb7 35. cxd6 cxd6 36. Ne4 e5 37. g4 Be6 38. Ng3 Rc7 39. Nh5+ Kf8 40. Rc3 Nc5 41. Rxe5 dxe5 42. Rxc5 Re7 43. Rxe5 Bxg4 44. Rxe7 Qxe7 45. Qc3 Bxh5 46. Qxh8+ Kf7 47. Qc3 Kg8 48. Kf2 Bf7 49. Qc8+ Kg7 50. Qc3+ 1/2-1/2

[Event "NRW Class2 0910"]
[Site "Germany"]
[Date "2010.02.01"]
[Round "6.4"]
[White "Kind, Bertram"]
[Black "Van Dooren, Dirk"]
[Result "0-1"]
[WhiteElo "2213"]
[BlackElo "2299"]
[PlyCount "116"]
[EventDate "2009.09.20"]
[EventType "team-tourn"]
[EventRounds "9"]
[EventCountry "GER"]
[SourceTitle "EXT 2011"]
[Source "ChessBase"]
[SourceDate "2010.11.26"]
[SourceVersion "1"]
[SourceVersionDate "2010.11.26"]
[SourceQuality "1"]
[WhiteTeam "Hagen"]
[BlackTeam "Aachen Aufwaerts"]
[WhiteTeamCountry "GER"]
[BlackTeamCountry "GER"]

1. e4 e5 2. Nf3 Nc6 3. Bc4 Nf6 4. d4 exd4 5. e5 Ne4 6. 0-0 Nc5 7. Qe2 Ne6 8. Rd1 d6 9. c3 Nxe5 10. Nxe5 dxe5 11. Bxe6 Bxe6 12. Qxe5 Qd5 13. Qxd5 Bxd5 14. Rxd4 0-0-0 15. Bf4 Bc5 16. Rd1 Bxa2 17. Nd2 Be6 18. b4 Bb6 19. Re1 Rhe8 20. h3 f6 21. Nf3 Bc4 22. Rxe8 Rxe8 23. Nd2 Bf7 24. Kf1 Rd8 25. Ke2 a6 26. Rc1 Bg6 27. Be3 Bxe3 28. Kxe3 Re8+ 29. Kf3 Bd3 30. Nb3 Re5 31. Kg3 b6 32. Nd4 c5 33. Nf3 Re2 34. Rd1 Bc2 35. Rc1 Be4 36. Ng1 Rc2 37. Rxc2 Bxc2 38. Kf4 Kc7 39. bxc5 bxc5 40. Ke3 Kd6 41. c4 a5 42. Kd2 Be4 43. g3 g5 44. Ne2 Bg2 45. h4 gxh4 46. gxh4 Bf1 47. Ng3 Bxc4 48. Ne4+ Ke5 49. Nxc5 Kf4 50. Kc3 Bf7 51. Kd4 h6 52. Nd7 Kf5 53. Nc5 Kg4 54. Nd7 Kxh4 55. Nxf6 Kg5 56. Ke5 a4 57. Ne4+ Kg4 58. Nd6 a3 0-1

[Event "Lippe Cup 06th"]
[Site "Lieme"]
[Date "2009.10.18"]
[Round "4"]
[White "Kind, Bertram"]
[Black "Poliakov, Alexander"]
[Result "1-0"]
[WhiteElo "2213"]
[BlackElo "2304"]
[PlyCount "102"]
[EventDate "2009.10.16"]
[EventType "swiss"]
[EventRounds "5"]
[EventCountry "GER"]
[SourceTitle "EXT 2012"]
[Source "ChessBase"]
[SourceDate "2011.11.24"]
[SourceVersion "1"]
[SourceVersionDate "2011.11.24"]
[SourceQuality "1"]

1. e4 e6 2. d4 d5 3. Nd2 Nf6 4. e5 Nfd7 5. f4 c5 6. Ndf3 Nc6 7. c3 Qb6 8. Ne2 Be7 9. g3 cxd4 10. Nexd4 Nc5 11. Qc2 f6 12. exf6 Bxf6 13. Be3 Nxd4 14. Nxd4 Qc7 15. Be2 Bd7 16. 0-0 0-0 17. Bf3 Kh8 18. Nb3 Na4 19. Qf2 b5 20. Rac1 Nb6 21. Nc5 Bc8 22. Bd4 Nc4 23. b3 Nb6 24. Rfe1 Qf7 25. Qe2 Bxd4+ 26. cxd4 Qf6 27. Rcd1 a6 28. Bg4 Ra7 29. Bxe6 Re7 30. Qf3 Rfe8 31. f5 Nd7 32. Nd3 Nf8 33. Bxc8 Rxe1+ 34. Rxe1 Rxc8 35. Nc5 h6 36. Qf4 Qf7 37. Qe5 Nh7 38. Qe6 Qc7 39. Qe7 Qa5 40. Qe6 Rg8 41. Qe2 Ng5 42. Kg2 Qb6 43. Qe5 Qa5 44. f6 Qc3 45. fxg7+ Rxg7 46. Rf1 Qc2+ 47. Rf2 Qg6 48. Rf8+ Kh7 49. Qf5 Qxf5 50. Rxf5 Re7 51. h4 Ne4 1-0